| 000 | 00356nam a2200133Ia 4500 | ||
|---|---|---|---|
| 008 | 240624s9999 xx 000 0 und d | ||
| 041 | _aeng | ||
| 082 | _a332.0285 LIE | ||
| 100 | _aLIERMANN VOLKER | ||
| 245 | _aIMPACT OF DIGITAL TRANSFORMATION AND FIN | ||
| 260 |
_c2019 _aSwitzerland _bPalgrave Macmillan |
||
| 300 | _a414p. ;23cm. | ||
| 365 |
_cERU _b33 |
||
| 999 |
_c32669 _d32669 |
||